Analýza vývoja elekromobilov na Slovensku
Analýza súčasného vývoja elektromobilov na Slovensku a v Európskej únii. Súčasná ponuka modelov elektromobilov na slovenskom trhu a analýza vývoja infraštruktúry pre elektromobily jazdiace na slovenských cestách.
Salvato in:
| Autore principale: | |
|---|---|
| Natura: | Capitolo di libro |
| Lingua: | slovacco |
| Soggetti: | |
| Tags: |
Nessun Tag, puoi essere il primo ad aggiungerne!!
|
MARC
| LEADER | 00000nla a2200000 4500 | ||
|---|---|---|---|
| 001 | 0223442 | ||
| 005 | 20240417075108.9 | ||
| 041 | 0 | |a slo | |
| 044 | |a SK | ||
| 245 | 1 | 0 | |a Analýza vývoja elekromobilov na Slovensku |c Beáta Šofránková |
| 520 | |a Analýza súčasného vývoja elektromobilov na Slovensku a v Európskej únii. Súčasná ponuka modelov elektromobilov na slovenskom trhu a analýza vývoja infraštruktúry pre elektromobily jazdiace na slovenských cestách. | ||
| 610 | 2 | 0 | |a automobily osobné |
| 610 | 2 | 0 | |a automobilizmus |
| 610 | 2 | 0 | |a doprava cestná |
| 610 | 2 | 0 | |a elektromobily |
| 610 | 2 | 0 | |a modely |
| 610 | 2 | 0 | |a vývoj |
| 610 | 2 | 0 | |a Slovensko |
| 610 | 2 | 0 | |a stanice čerpacie |
| 100 | 1 | |a Šofranková, Beáta | |